[Event "Bad. Jug-EM 2018 U20-U20w"]
[Site "Karlsruhe-Durlach"]
[Date "2018.01.04"]
[Round "5.1"]
[White "Stallknecht, Britta"]
[Black "Hochscheidt, Lukas"]
[Result "1/2-1/2"]
[WhiteElo "1848"]
[BlackElo "1766"]
[PlyCount "41"]
[EventDate "2018.??.??"]
[WhiteTeam "SK Großsachsen"]
[BlackTeam "SSV Bruchsal"]

1. b3 g6 2. Bb2 Nf6 3. Bxf6 exf6 4. c4 Bg7 5. Nc3 O-O 6. g3 Nc6 7. Bg2 d6 8.
Rc1 f5 9. e3 Re8 10. Nge2 Rb8 11. O-O Ne5 12. d3 b6 13. Nd5 c6 14. Nb4 Bb7 15.
d4 a5 16. Nd3 Ng4 17. Nc3 Nf6 18. Nf4 Qd7 19. h4 h5 20. Nh3 Re7 21. Ng5 1/2-1/2

[Event "Bad. Jug-EM 2018 U20-U20w"]
[Site "Karlsruhe-Durlach"]
[Date "2018.01.04"]
[Round "5.2"]
[White "Öztürk, Yasin-Safa"]
[Black "Ziegler, Ruben"]
[Result "1-0"]
[WhiteElo "1775"]
[BlackElo "700"]
[PlyCount "71"]
[EventDate "2018.??.??"]
[WhiteTeam "SC Ketsch"]
[BlackTeam "BG Buchen"]

1. d4 d5 2. c4 dxc4 3. e4 b5 4. a4 Bd7 5. Bf4 e6 6. axb5 Bxb5 7. Nf3 Ne7 8.
Bxc4 c6 9. Qb3 Qb6 10. O-O Bxc4 11. Qxb6 axb6 12. Rxa8 Bxf1 13. Rxb8+ Kd7 14.
Kxf1 Nc8 15. Ne5+ Ke7 16. Nxc6+ Ke8 17. Rxc8+ Kd7 18. Rc7+ Ke8 19. Nc3 f6 20.
Na4 g6 21. Rc8+ Kf7 22. Bd6 Kg7 23. Bxf8+ Rxf8 24. Rxf8 Kxf8 25. Nxb6 Kg7 26.
Nd7 Kf7 27. b4 f5 28. b5 Ke8 29. Nc5 fxe4 30. b6 Kf7 31. b7 Kf6 32. b8=Q h6 33.
Qe8 Kf5 34. Qxe6+ Kf4 35. g3+ Kf3 36. Ne5# 1-0

[Event "Bad. Jug-EM 2018 U20-U20w"]
[Site "Karlsruhe-Durlach"]
[Date "2018.01.04"]
[Round "5.3"]
[White "Kraus, Jens"]
[Black "Brückner, Xuan Paul"]
[Result "1-0"]
[WhiteElo "1103"]
[BlackElo "856"]
[PlyCount "61"]
[EventDate "2018.??.??"]
[WhiteTeam "SK Lahr"]
[BlackTeam "SC Brombach"]

1. f4 d5 2. Nf3 Nc6 3. e3 Bg4 4. Be2 Nf6 5. b3 e6 6. Bb2 Bb4 7. O-O O-O 8. a3
Ba5 9. b4 Bb6 10. c4 dxc4 11. Bxc4 Re8 12. Qc2 Bxf3 13. Rxf3 a5 14. b5 Ne7 15.
Bxf6 gxf6 16. Rg3+ Ng6 17. f5 exf5 18. Qxf5 c6 19. a4 Bc7 20. Rf3 Nh4 21. Qg4+
Ng6 22. d4 Kf8 23. Nd2 Qd6 24. Qh3 Kg7 25. Raf1 Bd8 26. Bd3 Qa3 27. e4 Qb4 28.
Nc4 Rf8 29. bxc6 bxc6 30. Qd7 Qxa4 31. e5 1-0

[Event "Bad. Jug-EM 2018 U18w - U16w"]
[Site "Karlsruhe-Durlach"]
[Date "2018.01.04"]
[Round "5.2"]
[White "Ganjali, Aska"]
[Black "Lohrmann, Tabea"]
[Result "0-1"]
[WhiteElo "1304"]
[BlackElo "1638"]
[PlyCount "108"]
[EventDate "2018.??.??"]
[WhiteTeam "SK Gernsbach"]
[BlackTeam "SC Waldkirch"]

1. e4 e5 2. Nf3 Nc6 3. d4 exd4 4. Bc4 Bc5 5. c3 Nf6 6. cxd4 Bb4+ 7. Bd2 Bxd2+
8. Nbxd2 d5 9. exd5 Nxd5 10. Qb3 Nce7 11. O-O O-O 12. Rfe1 c6 13. Ne4 Qb6 14.
Qxb6 Nxb6 15. Bb3 Ned5 16. h3 Nd7 17. Bxd5 cxd5 18. Nd6 b6 19. Re7 Nf6 20. Ng5
Ba6 21. Ngxf7 Ne4 22. f3 Nxd6 23. Nxd6 g6 24. Rae1 Bd3 25. Rd7 Rad8 26. Ree7
Rxd7 27. Rxd7 a5 28. Rb7 Rf4 29. Rxb6 Rxd4 30. Nb7 a4 31. Nc5 Bb1 32. a3 Bc2
33. b3 axb3 34. Nxb3 Rd3 35. Nc5 Rxa3 36. Rd6 Ra1+ 37. Kf2 Rd1 38. Ke3 Kg7 39.
Ne6+ Kh6 40. Nd4 Rd3+ 41. Kf4 Rxd4+ 42. Ke5 Rd2 43. g4 Kg5 44. f4+ Kh4 45. f5
gxf5 46. gxf5 Re2+ 47. Kf6 Be4 48. Ke5 Kxh3 49. Rh6+ Kg4 50. f6 Bg6+ 51. Kxd5
Kg5 52. Rh1 Be4+ 53. Ke6 Bxh1+ 54. Kf7 Rf2 0-1

[Event "Bad. Jug-EM 2018 U18w - U16w"]
[Site "Karlsruhe-Durlach"]
[Date "2018.01.04"]
[Round "5.3"]
[White "Grining, Maria"]
[Black "Wagner, Lena"]
[Result "1-0"]
[WhiteElo "1658"]
[BlackElo "1259"]
[PlyCount "115"]
[EventDate "2018.??.??"]
[WhiteTeam "Karlsruher SF"]
[BlackTeam "SK Endingen"]

1. Nf3 Nf6 2. c4 d6 3. g3 Nc6 4. Bg2 Bf5 5. d3 h6 6. O-O e5 7. Nc3 Be7 8. d4
exd4 9. Nxd4 Nxd4 10. Qxd4 c5 11. Qf4 Qd7 12. e4 Bh3 13. e5 dxe5 14. Qxe5 Bxg2
15. Kxg2 O-O 16. Rd1 Qc6+ 17. Kg1 Rfe8 18. Qf5 Rad8 19. Rxd8 Bxd8 20. Be3 b6
21. Rd1 Bc7 22. Nd5 Nxd5 23. Qxd5 Qxd5 24. Rxd5 Re5 25. Rd7 Re4 26. Rxc7 Rxc4
27. Rxa7 Rc2 28. b3 b5 29. Kf1 g5 30. Ke1 c4 31. bxc4 Rxc4 32. Ra8+ Kh7 33. Rb8
Ra4 34. Rxb5 Rxa2 35. Rb7 Kg6 36. Kf1 h5 37. Rb6+ Kf5 38. Rb5+ Kg4 39. Rxg5+
Kf3 40. Rf5+ Kg4 41. Rf4+ Kg5 42. Ra4+ Kg6 43. Rxa2 f5 44. Ra6+ Kf7 45. Ke2 f4
46. Bxf4 h4 47. Ke3 hxg3 48. Bxg3 Ke7 49. Kd4 Kd7 50. Kd5 Ke7 51. Bh4+ Kf7 52.
Ke5 Kg7 53. Kf5 Kh7 54. Kg5 Kg7 55. Ra7+ Kf8 56. Kf6 Ke8 57. Kg6 Kf8 58. Ra8#
1-0

[Event "Bad. Jug-EM 2018 U18w - U16w"]
[Site "Karlsruhe-Durlach"]
[Date "2018.01.04"]
[Round "5.4"]
[White "Hartmann, Cora"]
[Black "Ehmann, Johanna"]
[Result "0-1"]
[WhiteElo "1842"]
[BlackElo "1712"]
[PlyCount "90"]
[EventDate "2018.??.??"]
[WhiteTeam "SV Walldorf"]
[BlackTeam "SF Sasbach"]

1. e4 e5 2. Nf3 Nc6 3. Bc4 Bc5 4. c3 Nf6 5. d3 a6 6. Bb3 Ba7 7. O-O d6 8. Nbd2
O-O 9. Re1 Ng4 10. Re2 Kh8 11. h3 Nh6 12. Nf1 f5 13. Bxh6 gxh6 14. Rd2 Qf6 15.
exf5 Bxf5 16. N1h2 Qg7 17. Kh1 Ne7 18. d4 e4 19. Ne1 d5 20. Qh5 Bg6 21. Qe5
Qxe5 22. dxe5 Rxf2 23. Rxf2 Bxf2 24. Ng4 Bg3 25. Nxh6 Bxe5 26. Nc2 Rf8 27. Ng4
Bg3 28. Nge3 c6 29. Rf1 Rxf1+ 30. Nxf1 Bf2 31. g4 h5 32. Kg2 Bb6 33. Nfe3 Kg7
34. Kg3 Kf6 35. gxh5 Bxh5 36. Ng4+ Bxg4 37. hxg4 Kg5 38. Nd4 Bxd4 39. cxd4 Ng6
40. Bd1 Nf4 41. Kf2 Nd3+ 42. Ke3 Nxb2 43. Be2 Nd3 44. Bd1 b5 45. Be2 Nc1 0-1

[Event "Bad. Jug-EM 2018 U18"]
[Site "Karlsruhe-Durlach"]
[Date "2018.01.04"]
[Round "5.1"]
[White "Schmohel, Andreas"]
[Black "Elms, Robert"]
[Result "1-0"]
[WhiteElo "1733"]
[BlackElo "1943"]
[PlyCount "65"]
[EventDate "2018.??.??"]
[WhiteTeam "SC Viernheim"]
[BlackTeam "SC Iffezheim"]

1. d4 Nf6 2. Nf3 g6 3. Bg5 Bg7 4. Nbd2 O-O 5. e4 d6 6. c3 Nbd7 7. Be2 e5 8.
dxe5 Nxe5 9. Nxe5 dxe5 10. Qc2 c6 11. O-O h6 12. Bh4 Qc7 13. Bc4 Kh8 14. Be2
Be6 15. Rfd1 Rfe8 16. Nc4 b5 17. Ne3 Nd7 18. a4 a6 19. axb5 axb5 20. b4 f5 21.
exf5 gxf5 22. Bh5 f4 23. Bxe8 Rxe8 24. Nf5 Nb6 25. Nd6 Rf8 26. Qg6 Bg8 27. Ne8
Qf7 28. Qxf7 Bxf7 29. Nxg7 Kxg7 30. Ra6 Rb8 31. Rd6 Bd5 32. Ra7+ Kf8 33. Rxh6
1-0

[Event "Bad. Jug-EM 2018 U18"]
[Site "Karlsruhe-Durlach"]
[Date "2018.01.04"]
[Round "5.2"]
[White "Avdagic, Alan"]
[Black "Lachenicht, Tim"]
[Result "0-1"]
[WhiteElo "1496"]
[BlackElo "1746"]
[PlyCount "76"]
[EventDate "2018.??.??"]
[WhiteTeam "DJB Steuben Feudenheim"]
[BlackTeam "SK Gernsbach"]

1. e4 e5 2. Nf3 Nc6 3. Bc4 Bc5 4. b4 Bb6 5. a4 a6 6. c3 Nf6 7. d3 d6 8. O-O Be6
9. Na3 O-O 10. Bg5 Qe7 11. Qb3 Nd8 12. d4 Bxc4 13. Nxc4 exd4 14. Nxb6 cxb6 15.
Bxf6 gxf6 16. Rfe1 dxc3 17. Qxc3 Nc6 18. Nh4 Qe5 19. Qh3 Ne7 20. Ra3 Kh8 21. f4
Qd4+ 22. Kh1 Qxb4 23. Rae3 Qc4 24. Nf5 Nxf5 25. Qxf5 Qe6 26. Qh5 Rg8 27. f5 Qe7
28. Rh3 Rg7 29. Ree3 Rc8 30. g4 Qe5 31. Kg2 Rc2+ 32. Kf3 Qa1 33. e5 Qf1+ 34.
Ke4 d5+ 35. Kxd5 Qc4+ 36. Kd6 Qd4+ 37. Ke7 Rc7+ 38. Kf8 Rg8# 0-1

[Event "Bad. Jug-EM 2018 U18"]
[Site "Karlsruhe-Durlach"]
[Date "2018.01.04"]
[Round "5.3"]
[White "Schrepp, Florian"]
[Black "Esslinger, Marcel"]
[Result "1-0"]
[WhiteElo "1833"]
[BlackElo "1684"]
[PlyCount "53"]
[EventDate "2018.??.??"]
[WhiteTeam "SC Ketsch"]
[BlackTeam "SC Hornberg"]

1. e4 e5 2. Nf3 Nf6 3. d3 Nc6 4. g3 Bc5 5. Bg2 d6 6. O-O Be6 7. c3 Qd7 8. d4
exd4 9. cxd4 Bc4 10. dxc5 Bxf1 11. Qxf1 Nxe4 12. cxd6 Nxd6 13. Qe1+ Ne7 14. Nc3
O-O-O 15. Be3 a6 16. Rd1 Qf5 17. Bg5 f6 18. Qxe7 fxg5 19. Nxg5 Rhe8 20. Qxe8
Nxe8 21. Bh3 Rxd1+ 22. Nxd1 Nd6 23. Bxf5+ Nxf5 24. Nxh7 Kd7 25. Ng5 b5 26. Ne4
Ke6 27. Nc5+ 1-0

[Event "Bad. Jug-EM 2018 U18"]
[Site "Karlsruhe-Durlach"]
[Date "2018.01.04"]
[Round "5.4"]
[White "Hatzenbühler, Kevin"]
[Black "Bachmann, Jonas"]
[Result "1/2-1/2"]
[WhiteElo "1602"]
[BlackElo "1607"]
[PlyCount "62"]
[EventDate "2018.??.??"]
[WhiteTeam "OSG Baden-Baden"]
[BlackTeam "SC Neumühl"]

1. d4 Nf6 2. Bg5 e6 3. Nd2 d5 4. e3 c5 5. Ngf3 Nbd7 6. c3 Be7 7. Bd3 Nh5 8.
Bxe7 Qxe7 9. O-O O-O 10. Re1 f5 11. Bc2 Nhf6 12. Nb3 b6 13. Nc1 Ba6 14. Bd3 c4
15. Bc2 Ne4 16. a4 g5 17. Na2 Kf7 18. Nb4 Bb7 19. a5 bxa5 20. Rxa5 a6 21. Ba4
g4 22. Ne5+ Nxe5 23. dxe5 Qc7 24. Qa1 Qxe5 25. Bc6 Qc7 26. Bxb7 Qxb7 27. Qa4
Nd2 28. Rxa6 Ne4 29. Qc6 Qxc6 30. Rxc6 Rfc8 31. Rxc8 Rxc8 1/2-1/2

[Event "Bad. Jug-EM 2018 U18"]
[Site "Karlsruhe-Durlach"]
[Date "2018.01.04"]
[Round "5.5"]
[White "Wegmer, Leon"]
[Black "Acar, Lukas"]
[Result "1-0"]
[WhiteElo "1744"]
[BlackElo "1017"]
[PlyCount "59"]
[EventDate "2018.??.??"]
[WhiteTeam "Karlsruher SF"]
[BlackTeam "SF Birkenfeld"]

1. Nf3 c6 2. g3 Nf6 3. Bg2 d5 4. d4 Bf5 5. O-O e6 6. Nbd2 Bd6 7. c4 O-O 8. b3
Nbd7 9. Bb2 Qe8 10. Nh4 Bg4 11. Nhf3 Ne4 12. Nxe4 dxe4 13. Nd2 f5 14. Re1 Qg6
15. Qc2 Nf6 16. f3 exf3 17. exf3 Bh5 18. Rxe6 Bc7 19. Rae1 Rae8 20. Kf2 Ne4+
21. R6xe4 fxe4 22. Nxe4 Qf5 23. Qd3 Bg6 24. Kg1 Qg5 25. Re3 Qd8 26. Qe2 Bxe4
27. fxe4 Bb6 28. c5 Bc7 29. d5 cxd5 30. exd5 1-0

[Event "Bad. Jug-EM 2018 U16"]
[Site "Karlsruhe-Durlach"]
[Date "2018.01.04"]
[Round "5.1"]
[White "Chernykh, Arkady"]
[Black "Färber, David"]
[Result "0-1"]
[WhiteElo "2039"]
[BlackElo "2155"]
[PlyCount "82"]
[EventDate "2018.??.??"]
[WhiteTeam "Karlsruher SF"]
[BlackTeam "SV Walldorf"]

1. d4 Nf6 2. Nf3 d5 3. e3 Bg4 4. Nbd2 e6 5. Be2 Bd6 6. c4 c6 7. cxd5 exd5 8. a3
O-O 9. b4 a6 10. Bb2 Nbd7 11. Qb3 Ne4 12. Nxe4 dxe4 13. Ng1 Be6 14. Bc4 Bxc4
15. Qxc4 Qg5 16. g3 Nf6 17. Ne2 Qf5 18. Qc2 Qg4 19. Nc3 h5 20. Qe2 Qh3 21.
O-O-O b5 22. Kb1 Qe6 23. d5 cxd5 24. Qd2 Be5 25. Nxd5 Nxd5 26. Qxd5 Bxb2 27.
Kxb2 Qf6+ 28. Kb1 Qxf2 29. Qxe4 Rae8 30. Qf4 Qxe3 31. Qxe3 Rxe3 32. Kb2 Re2+
33. Kb1 Rfe8 34. Rd6 Re1+ 35. Rxe1 Rxe1+ 36. Kc2 Re2+ 37. Kd3 Rxh2 38. Ke3 Rh3
39. Kf2 h4 40. gxh4 Rxa3 41. Rd8+ Kh7 0-1

[Event "Bad. Jug-EM 2018 U16"]
[Site "Karlsruhe-Durlach"]
[Date "2018.01.04"]
[Round "5.2"]
[White "Schmider, Niklas"]
[Black "Meier, Marlon"]
[Result "1-0"]
[WhiteElo "2128"]
[BlackElo "1796"]
[PlyCount "47"]
[EventDate "2018.??.??"]
[WhiteTeam "SK Lahr"]
[BlackTeam "SK Gernsbach"]

1. e4 g6 2. d4 Bg7 3. Nc3 d6 4. f4 e6 5. Nf3 Ne7 6. Bd3 Nd7 7. Be3 b6 8. Qe2 a6
9. O-O-O Bb7 10. g4 c5 11. f5 e5 12. dxc5 Nxc5 13. Bxc5 bxc5 14. g5 gxf5 15.
exf5 f6 16. Rhg1 Qd7 17. Ne4 Bxe4 18. Bxe4 d5 19. gxf6 Bxf6 20. Bxd5 Nxd5 21.
Nxe5 Nf4 22. Qe4 Qb5 23. Qxa8+ Bd8 24. Qxd8# 1-0

[Event "Bad. Jug-EM 2018 U16"]
[Site "Karlsruhe-Durlach"]
[Date "2018.01.04"]
[Round "5.3"]
[White "Naß, Maximilian"]
[Black "Schneider, Edward"]
[Result "0-1"]
[WhiteElo "1675"]
[BlackElo "1658"]
[PlyCount "28"]
[EventDate "2018.??.??"]
[WhiteTeam "SC Ersingen"]
[BlackTeam "SF Sasbach"]

1. e4 e5 2. Nf3 Nc6 3. Bb5 a6 4. Bxc6 dxc6 5. d4 exd4 6. Qxd4 Qd6 7. Qe5+ Qxe5
8. Nxe5 f6 9. Nd3 Be6 10. Be3 O-O-O 11. Nd2 Ne7 12. Nc5 Bf7 13. c4 Ng6 14. O-O
Bxc5 0-1

[Event "Bad. Jug-EM 2018 U16"]
[Site "Karlsruhe-Durlach"]
[Date "2018.01.04"]
[Round "5.4"]
[White "Koll, Lukas"]
[Black "Metzinger, Hannes"]
[Result "1-0"]
[WhiteElo "1883"]
[BlackElo "1574"]
[PlyCount "45"]
[EventDate "2018.??.??"]
[WhiteTeam "Karlsruher SF"]
[BlackTeam "SK Ottenau"]

1. c4 c5 2. g3 Nf6 3. Bg2 d5 4. cxd5 Nxd5 5. Nc3 Nc7 6. Qb3 Nc6 7. Bxc6+ bxc6
8. d3 e5 9. Nf3 f6 10. O-O Be6 11. Qa4 Qd7 12. Be3 Nb5 13. Rac1 Nd4 14. Nd2 Rb8
15. b3 Rb4 16. Qa5 Be7 17. Rfe1 O-O 18. Nde4 Bxb3 19. axb3 Nxb3 20. Qa2 c4 21.
Rb1 f5 22. dxc4 Nd4 23. c5+ 1-0

[Event "Bad. Jug-EM 2018 U16"]
[Site "Karlsruhe-Durlach"]
[Date "2018.01.04"]
[Round "5.5"]
[White "Fidlin, Simon"]
[Black "Preuß, Julian"]
[Result "1-0"]
[WhiteElo "1841"]
[BlackElo "1236"]
[PlyCount "27"]
[EventDate "2018.??.??"]
[WhiteTeam "Karlsruher SF"]
[BlackTeam "SC Villingen-Schwenningen"]

1. e4 e5 2. Nf3 Nf6 3. d4 Nxe4 4. Bd3 Nf6 5. dxe5 Ng8 6. Nc3 Bc5 7. Ne4 Bb6 8.
O-O Ne7 9. Ng3 O-O 10. Bxh7+ Kh8 11. Ng5 g6 12. Qg4 d6 13. Qh4 Kg7 14. Bg8 1-0

[Event "Bad. Jug-EM 2018 U16"]
[Site "Karlsruhe-Durlach"]
[Date "2018.01.04"]
[Round "5.6"]
[White "Trunk, Mika"]
[Black "Salwasser, Christian"]
[Result "0-1"]
[WhiteElo "1572"]
[BlackElo "1519"]
[PlyCount "72"]
[EventDate "2018.??.??"]
[WhiteTeam "BG Buchen"]
[BlackTeam "SC Rastatt"]

1. e4 e5 2. Nf3 Nc6 3. Bc4 Bc5 4. d3 Nf6 5. O-O d6 6. c3 Bg4 7. Nbd2 Qd7 8. b4
Bb6 9. a4 a6 10. Re1 O-O-O 11. a5 Ba7 12. b5 Nb8 13. bxa6 Nxa6 14. Bxa6 bxa6
15. Rb1 Qc6 16. Qc2 h5 17. Ng5 Rdf8 18. Nc4 Nd7 19. Be3 Bxe3 20. Nxe3 f6 21. f3
fxg5 22. fxg4 hxg4 23. Nf5 Rf7 24. Qb3 Rhf8 25. Qe6 Qc5+ 26. d4 Qxa5 27. Ne7+
Rxe7 28. Qxe7 Qxc3 29. d5 Qd2 30. Qe6 Qf2+ 31. Kh1 Qf4 32. Ra1 Rh8 33. h3 gxh3
34. gxh3 Qf3+ 35. Kg1 Qg3+ 36. Kf1 Rf8+ 0-1

[Event "Bad. Jug-EM 2018 U16"]
[Site "Karlsruhe-Durlach"]
[Date "2018.01.04"]
[Round "5.7"]
[White "Fließ, Justin"]
[Black "Doll, Alexander"]
[Result "0-1"]
[WhiteElo "1368"]
[BlackElo "1845"]
[PlyCount "52"]
[EventDate "2018.??.??"]
[WhiteTeam "Neckarsteinach"]
[BlackTeam "SC Untergrombach"]

1. Nf3 Nf6 2. d4 d5 3. Bf4 e6 4. e3 c5 5. c4 Nc6 6. Nc3 Be7 7. Bd3 O-O 8. a3
cxd4 9. Nxd4 Nxd4 10. exd4 dxc4 11. Bxc4 Nd5 12. Bg3 Nxc3 13. bxc3 Bf6 14. Rb1
Qa5 15. Rb3 Bd7 16. Qd2 Rac8 17. Rxb7 Rxc4 18. Rxd7 Qxc3 19. Qxc3 Rxc3 20. O-O
Rfc8 21. Rxa7 Bxd4 22. Ra6 h6 23. h3 Rxg3 24. Kh2 Rgc3 25. Rb1 Bxf2 26. Rd6
Bg3+ 0-1

[Event "Bad. Jug-EM 2018 U16"]
[Site "Karlsruhe-Durlach"]
[Date "2018.01.04"]
[Round "5.8"]
[White "Scheid, Lennart"]
[Black "Wellenreich, Tim"]
[Result "0-1"]
[WhiteElo "1518"]
[BlackElo "1626"]
[PlyCount "40"]
[EventDate "2018.??.??"]
[WhiteTeam "SK Ladenburg"]
[BlackTeam "SSV Bruchsal"]

1. d4 Nf6 2. Bf4 d5 3. Nf3 Bf5 4. e3 e6 5. Nbd2 c5 6. c3 Nc6 7. Bb5 a6 8. Bxc6+
bxc6 9. Qa4 Qb6 10. Rb1 Bxb1 11. Nxb1 Rc8 12. b3 Qb5 13. Qxb5 cxb5 14. Ne5 cxd4
15. exd4 Ne4 16. Bd2 Nxd2 17. Kxd2 Bd6 18. f4 Bxe5 19. fxe5 O-O 20. g4 f6 0-1

[Event "Bad. Jug-EM 2018 U16"]
[Site "Karlsruhe-Durlach"]
[Date "2018.01.04"]
[Round "5.9"]
[White "Schwab, Norman"]
[Black "Theilig, Maximilian"]
[Result "1-0"]
[WhiteElo "1374"]
[BlackElo "1404"]
[PlyCount "99"]
[EventDate "2018.??.??"]
[WhiteTeam "FSF 1887 Zähringen"]
[BlackTeam "SC Viernheim"]

1. e4 e5 2. Nf3 Nc6 3. d4 exd4 4. Nxd4 Bc5 5. Nb3 Bb6 6. Bc4 Nge7 7. Nc3 O-O 8.
O-O d6 9. Na4 Be6 10. Nxb6 axb6 11. Bxe6 fxe6 12. Qg4 Rf6 13. Bg5 Rg6 14. Bxe7
Qxe7 15. Qe2 e5 16. a3 Rf8 17. f3 Rh6 18. g3 Qd7 19. Qg2 Ne7 20. Qe2 Rg6 21.
Rf2 h5 22. Raf1 h4 23. g4 Rh6 24. f4 exf4 25. Rxf4 Rxf4 26. Rxf4 Ng6 27. Rf1
Ne5 28. h3 c5 29. Nd2 Rf6 30. Rf5 Rxf5 31. exf5 Nc6 32. Nf3 d5 33. Nxh4 Qd6 34.
Qe8+ Kh7 35. Qg6+ Qxg6 36. Nxg6 Nd4 37. Nf4 Nxc2 38. Nxd5 b5 39. Kf2 Kg8 40. f6
g6 41. g5 Kf7 42. h4 Nd4 43. Nc7 b6 44. Kg3 b4 45. axb4 c4 46. Nd5 b5 47. Nc7
Kf8 48. Kh3 Nc2 49. Nxb5 Nxb4 50. Nd6 1-0

[Event "Bad. Jug-EM 2018 U14W"]
[Site "Karlsruhe-Durlach"]
[Date "2018.01.04"]
[Round "5.1"]
[White "Schneider, Katharina"]
[Black "Basovskiy, Jana"]
[Result "1-0"]
[WhiteElo "1650"]
[BlackElo "1775"]
[PlyCount "57"]
[EventDate "2018.??.??"]
[WhiteTeam "SF Sasbach"]
[BlackTeam "SK Mannheim"]

1. e4 c5 2. Nf3 e6 3. d4 cxd4 4. Nxd4 Nf6 5. Nc3 Nc6 6. Ndb5 d6 7. f3 a6 8. Nd4
Qb6 9. Nb3 Be7 10. Qe2 O-O 11. Be3 Qc7 12. O-O-O b5 13. g4 Na5 14. h4 Nxb3+ 15.
axb3 Bb7 16. h5 Nd7 17. g5 Nc5 18. Kb1 b4 19. Na4 Nxa4 20. bxa4 d5 21. Qg2 dxe4
22. fxe4 Qc6 23. Bd3 Qxa4 24. g6 Bf6 25. gxh7+ Kh8 26. h6 g6 27. Bg5 Be5 28.
Be7 Rfe8 29. Qg5 1-0

[Event "Bad. Jug-EM 2018 U14W"]
[Site "Karlsruhe-Durlach"]
[Date "2018.01.04"]
[Round "5.2"]
[White "Wagner, Anna"]
[Black "Henninger, Claire"]
[Result "0-1"]
[WhiteElo "1173"]
[BlackElo "1142"]
[PlyCount "148"]
[EventDate "2018.??.??"]
[WhiteTeam "SK Endingen"]
[BlackTeam "SK Endingen"]

1. e4 c6 2. d4 d5 3. exd5 cxd5 4. Nc3 Bf5 5. Bb5+ Nc6 6. Nf3 a6 7. Ba4 b5 8.
Bb3 e6 9. Bf4 Bd6 10. Qd2 Nge7 11. O-O O-O 12. a3 Qc7 13. Ne2 Rfd8 14. Rfe1 h6
15. c3 Bh7 16. Bxd6 Qxd6 17. Qf4 Qxf4 18. Nxf4 a5 19. a4 b4 20. Rac1 Rac8 21.
c4 dxc4 22. Rxc4 Nd5 23. Nh3 Nb6 24. Rcc1 Nxd4 25. Nxd4 Rxc1 26. Rxc1 Rxd4 27.
Rc6 Nd7 28. Rc8+ Nf8 29. Ra8 Rd2 30. Rxa5 Rxb2 31. Bd1 Rb1 32. Kf1 Rxd1+ 33.
Ke2 Bc2 34. Rb5 Bxa4 35. Rxb4 Ra1 36. Nf4 Ng6 37. Nd3 Bc6 38. g3 Ra3 39. Rd4
Bb5 40. f4 Bxd3+ 41. Rxd3 Ra2+ 42. Kf3 Rxh2 43. Rd8+ Kh7 44. Rd7 f6 45. Rd6 Nf8
46. Rd8 Kg8 47. g4 g5 48. f5 exf5 49. gxf5 h5 50. Kg3 Re2 51. Rd1 Kf7 52. Rh1
h4+ 53. Kg4 Re4+ 54. Kh3 Rf4 55. Kg2 Rxf5 56. Rh3 Ke6 57. Re3+ Re5 58. Rh3 Kf5
59. Rf3+ Kg6 60. Rh3 f5 61. Rd3 Ne6 62. Kf3 g4+ 63. Kf2 Kg5 64. Kg1 h3 65. Kh2
Re2+ 66. Kg1 h2+ 67. Kh1 Kf4 68. Rd1 Kf3 69. Rf1+ Rf2 70. Rxf2+ Kxf2 71. Kxh2
g3+ 72. Kh3 g2 73. Kh4 g1=Q 74. Kh5 Qg5# 0-1

[Event "Bad. Jug-EM 2018 U14W"]
[Site "Karlsruhe-Durlach"]
[Date "2018.01.04"]
[Round "5.3"]
[White "Doll, Rebecca"]
[Black "Visvikis, Kassandra"]
[Result "1-0"]
[WhiteElo "1515"]
[BlackElo "1510"]
[PlyCount "71"]
[EventDate "2018.??.??"]
[WhiteTeam "SC Untergrombach"]
[BlackTeam "OSG Baden-Baden"]

1. e4 e5 2. Nf3 Nc6 3. Bc4 Bc5 4. c3 Nf6 5. d3 O-O 6. O-O d6 7. h3 Ne7 8. Be3
Bb6 9. Nbd2 Ng6 10. Bb3 Be6 11. Bc2 c6 12. d4 Bc7 13. Nh2 Re8 14. Qe2 b5 15. f4
exf4 16. Bxf4 Bd7 17. Bg5 h6 18. Bxf6 gxf6 19. Rf2 d5 20. Ng4 Bxg4 21. Qxg4 Kg7
22. Raf1 Re6 23. e5 Kh7 24. Rxf6 Rxf6 25. Rxf6 Qg8 26. Qd7 Bd8 27. Rxf7+ Kh8
28. Bxg6 Qxg6 29. Qe8+ Qg8 30. Rf8 Qxf8 31. Qxf8+ Kh7 32. Nf3 Rb8 33. Nh4 Bxh4
34. Qxb8 Kg6 35. Qg8+ Kf5 36. Qg4# 1-0

[Event "Bad. Jug-EM 2018 U14W"]
[Site "Karlsruhe-Durlach"]
[Date "2018.01.04"]
[Round "5.4"]
[White "Varbanova, Joanna"]
[Black "Chung, Dana"]
[Result "1-0"]
[WhiteElo "1171"]
[BlackElo "1282"]
[PlyCount "99"]
[EventDate "2018.??.??"]
[WhiteTeam "SK Ettlingen"]
[BlackTeam "Karlsruher SF"]

1. d4 Nf6 2. c4 d6 3. Nc3 g6 4. Nf3 Bg7 5. Bg5 O-O 6. e3 Nbd7 7. Bd3 e5 8. e4
h6 9. Be3 Ne8 10. d5 Nb6 11. Qd2 g5 12. h3 f5 13. O-O-O f4 14. Bxb6 axb6 15. h4
g4 16. Ne1 h5 17. f3 g3 18. Nc2 Bd7 19. Na3 Bf6 20. Bc2 Ng7 21. Ncb5 Be7 22.
Qb4 Bxb5 23. Qxb5 Bxh4 24. Rd3 Ra5 25. Qb4 Be7 26. Ba4 Kf7 27. Kb1 Rh8 28. Rh3
h4 29. Kc2 Nh5 30. Rd2 Nf6 31. Re2 Nh7 32. Rh1 Ng5 33. Bb3 h3 34. Qe1 Qd7 35.
Nb5 c6 36. Nc3 Raa8 37. c5 bxc5 38. dxc6+ Ke8 39. cxd7+ Kxd7 40. Nd5 Rag8 41.
Kb1 hxg2 42. Rxh8 Rxh8 43. Rxg2 Nxf3 44. Qd1 Ng5 45. Qg4+ Ne6 46. Nxe7 Rh1+ 47.
Kc2 Kxe7 48. Qxe6+ Kd8 49. Qxd6+ Kc8 50. Be6# 1-0

[Event "Bad. Jug-EM 2018 U14"]
[Site "Karlsruhe-Durlach"]
[Date "2018.01.04"]
[Round "5.1"]
[White "Wu, Leon"]
[Black "Dobrikov, Marco"]
[Result "1-0"]
[WhiteElo "1984"]
[BlackElo "2042"]
[PlyCount "67"]
[EventDate "2018.??.??"]
[WhiteTeam "SK Mannheim-Lindenhof"]
[BlackTeam "SV Hockenheim"]

1. e4 c5 2. Nf3 d6 3. d4 cxd4 4. Nxd4 Nf6 5. Nc3 a6 6. Bg5 Nbd7 7. Bc4 e6 8.
Qd2 Qc7 9. Bb3 Nc5 10. Qe3 Be7 11. f4 b5 12. O-O-O Bb7 13. Bxf6 Nxb3+ 14. Kb1
Nxd4 15. Bxd4 Rc8 16. Rd2 O-O 17. Rf1 e5 18. Bb6 Qc4 19. Rf3 exf4 20. Qxf4 b4
21. Rd4 Qe6 22. Nd5 Bxd5 23. Rxd5 Rc4 24. Bd4 f5 25. b3 fxe4 26. Qg3 Rxd4 27.
Rxf8+ Bxf8 28. Rxd4 a5 29. Qf4 e3 30. Re4 Qd7 31. Qxe3 g6 32. Re8 Qb5 33. Qe2
Qb6 34. Qf1 1-0

[Event "Bad. Jug-EM 2018 U14"]
[Site "Karlsruhe-Durlach"]
[Date "2018.01.04"]
[Round "5.2"]
[White "Koll, Linus"]
[Black "Wu, Luka"]
[Result "0-1"]
[WhiteElo "1856"]
[BlackElo "1953"]
[PlyCount "82"]
[EventDate "2018.??.??"]
[WhiteTeam "Karlsruher SF"]
[BlackTeam "SK Mannheim-Lindenhof"]

1. e4 c5 2. Nf3 d6 3. d4 cxd4 4. Nxd4 Nf6 5. Nc3 a6 6. Bg5 e6 7. f4 Be7 8. Qf3
Nbd7 9. O-O-O Qc7 10. g4 b5 11. Bxf6 Nxf6 12. g5 Nd7 13. f5 Bxg5+ 14. Kb1 Ne5
15. Qh5 Qd8 16. Nxe6 Bxe6 17. fxe6 g6 18. exf7+ Kxf7 19. Qh3 Qb8 20. Be2 Kg7
21. Qe6 b4 22. Na4 Rd8 23. h4 Bf6 24. h5 h6 25. Rhf1 Bg5 26. hxg6 Ra7 27. Bh5
Qb5 28. b3 Qc6 29. Qd5 Rc8 30. Qxd6 Qxc2+ 31. Ka1 Re7 32. Rf5 Rc6 33. Qd8 Nxg6
34. Bxg6 Kxg6 35. Rd6+ Rxd6 36. Qxd6+ Kh7 37. Rc5 Qxe4 38. Rd5 Bf6+ 39. Nb2 Bg7
40. Rd3 Qg2 41. Rd4 Re1+ 0-1

[Event "Bad. Jug-EM 2018 U14"]
[Site "Karlsruhe-Durlach"]
[Date "2018.01.04"]
[Round "5.3"]
[White "Schmitt, Daniel"]
[Black "Kokowski, Kevin"]
[Result "1-0"]
[WhiteElo "1371"]
[BlackElo "1525"]
[PlyCount "67"]
[EventDate "2018.??.??"]
[WhiteTeam "SK Ottenau"]
[BlackTeam "SV Walldorf"]

1. e4 e5 2. Nf3 Nc6 3. d4 exd4 4. Bc4 Bc5 5. c3 Nf6 6. e5 d5 7. Bb5 Nd7 8. cxd4
Bb4+ 9. Bd2 Bxd2+ 10. Nbxd2 Qe7 11. O-O O-O 12. Rc1 Qe6 13. Ng5 Qg6 14. Bxc6
Qxg5 15. Bxd5 c6 16. f4 Qh6 17. Bb3 Nb6 18. Ne4 Bd7 19. Rc3 Nc8 20. f5 Kh8 21.
Rh3 Qxh3 22. gxh3 a5 23. e6 Be8 24. exf7 Bxf7 25. Bxf7 Rxf7 26. Qb3 Re7 27. f6
gxf6 28. Nxf6 Nd6 29. Qa3 Rg7+ 30. Kh1 Nb5 31. Qc5 Rf7 32. Qe5 Raf8 33. Ne8+
Rg7 34. Qxg7# 1-0